Percy Jackson 7 – Hnev trojhlavej bohyne /
Percy je v maturitnom ročníku, a keď sa chce dostať na univerzitu v Novom Ríme, potrebuje tri odporúčacie listy od gréckych bohov. Prvý sa mu podarilo získať od Ganymeda. Teraz mu bohyňa Hekaté ponúkla ďalšiu príležitosť. Stačí, keď bude počas halloweenského týždňa strážiť jej domácich maznáčikov: p...
Uloženo v:
| Série: | Percy Jackson (SK),
část 7 |
|---|---|
| Hlavní autor: | |
| Médium: | E-kniha |
| Jazyk: | Czech |
| Vydáno: |
Praha :
Albatros Media Slovakia s.r.o.,
2026
|
| Příbuzné jednotky: | Z cyklu::
Percy Jackson (SK) |
| Tagy: |
Žádné tagy |
| LEADER | 01535nam a22002417i 4500 | ||
|---|---|---|---|
| 001 | 302746 | ||
| 007 | ta | ||
| 008 | 260514s2026 xr ||||| |||| 00| 0 cze d | ||
| 020 | |a 9788056651933 | ||
| 044 | |a xr | ||
| 100 | 1 | |a Riordan, Rick |4 aut | |
| 245 | 1 | 0 | |a Percy Jackson 7 – Hnev trojhlavej bohyne / |c Riordan, Rick |
| 240 | 1 | 0 | |a Percy Jackson and the Olympians 7: Wrath of the Triple Goddess |
| 264 | 1 | |a Praha : |b Albatros Media Slovakia s.r.o., |c 2026 | |
| 300 | |a 1 online zdroj (344 stran) | ||
| 336 | |a text |b txt |2 rdacontent | ||
| 337 | |a bez média |b n |2 rdamedia | ||
| 338 | |a online zdroj |b cr |2 rdacarrier | ||
| 520 | 2 | |a Percy je v maturitnom ročníku, a keď sa chce dostať na univerzitu v Novom Ríme, potrebuje tri odporúčacie listy od gréckych bohov. Prvý sa mu podarilo získať od Ganymeda. Teraz mu bohyňa Hekaté ponúkla ďalšiu príležitosť. Stačí, keď bude počas halloweenského týždňa strážiť jej domácich maznáčikov: pekelnú sučku Hekabé a tchoricu Gale. To znie celkom jednoducho, no nie? | |
| 787 | 0 | 8 | |g 7 |i Z cyklu: |t Percy Jackson (SK) |
| 910 | |a RBIT002 | ||
| 998 | |d 427004 |a https://core.palmknihy.cz/api/books/427004/cover?tesgil |b https://core.palmknihy.cz/api/books/427004/cover/400?tesgil |c https://core.palmknihy.cz/api/books/427004/cover/50?tesgil |e 2030-04-09 |g 344 |i 9788056651933 |j https://core.palmknihy.cz/api/books/427004/preview.epub |k https://core.palmknihy.cz/api/books/427004/preview.pdf |l |q 49 |r 1 |s https://www.palmknihy.cz/kniha/427004 |t ebook |y 2026 |z 1 |v Percy Jackson (SK) |w 7 | ||
| 999 | |d 302744 | ||